LIBRARY & INFORMATION CENTRE, KCAET, TAVANUR

ONLINE PUBLIC ACCESS CATALOGUE (OPAC)

Practice for manufacture and use of lime pozzolane concrete blocks for paving, IS 10359-1982 / (Record no. 7682)

MARC details
000 -LEADER
fixed length control field 00982cam a2200157ua 4500
041 ## - LANGUAGE CODE
Language code of text/sound track or separate title eng
082 ## - DEWEY DECIMAL CLASSIFICATION NUMBER
Classification number 666.953
Item number IND/PR
245 ## - TITLE STATEMENT
Title Practice for manufacture and use of lime pozzolane concrete blocks for paving, IS 10359-1982 /
250 ## - EDITION STATEMENT
Edition statement 1 /
260 ## - PUBLICATION, DISTRIBUTION, ETC. (IMPRINT)
Place of publication New Delhi :
Name of publisher Indian Standards Institution ,
Year of publication 1983.
300 ## - PHYSICAL DESCRIPTION
Number of Pages 5 ; .
942 ## - ADDED ENTRY ELEMENTS (KOHA)
Koha item type Books
Holdings
Withdrawn status Lost status Damaged status Home library Current library Date acquired Full call number Accession Number Koha item type
      KAUAET KAUAET 07/04/2012 666.953 17587 Standards
free website counter